000 00341nam a22001337a 4500
020 _a0-85072-238-1
082 _a620.11 DES'P
100 _aPHILLIPS, L. N
_968048
245 _aDESIGN WITH ADVANCED COMPOSITE MATERIALS
260 _aNEWYORK
_bSPRINGER VERLAG
_c1989
300 _a337P
650 _aCOMPOSITE MATERIALS
_925366
942 _cBK
999 _c575708
_d575708